000 00637nam a22002057a 4500
005 20230309054924.0
008 230309b |||||||| |||| 00| 0 eng d
020 _a0-395-5515-4-4
082 _aFic. C623 1991
100 _aClearly, Beverly,
_eauthor,
245 _aRamona Quimby, age 8 /
_cBeverly Cleary.
260 _aAtlanta :
_bHoughton Miffilin,
_cc1991.
300 _a190p. :
_bill.
541 _e5167
600 _aQuimby, Ramona (Fictitious character)
_vJuvenile fiction
650 _aSchools
_vJuvenile fiction
650 _aFamilies
_vJuvenile fiction
650 _aHumorous fiction
700 _aTiegreen, Alan,
_eillustrator.
999 _c1671
_d1671